| 000 | 00000nam##2200000za#4500 |
| 001 | 9.601265 |
| 003 | CaOODSP |
| 005 | 20210624210005 |
| 007 | cr ||||||||||| |
| 008 | 150406|2001||||xxc|||||o f|0| 0 fre|d |
| 040 | |aCaOODSP|bfre |
| 043 | |an-cn--- |
| 086 | 1 |aC21-24/34-2001F-PDF |
| 110 | 1 |aCanada.|bIndustrie Canada. |bDirection de l'analyse micro-économique. |
| 245 | 10|aLes répercussions sectorielles de l'application du protocole de Kyoto / |h[ressource électronique]|cpar Randall Wigle. |
| 260 | |aOttawa - Ontario : |bIndustrie Canada. |cMars 2001. |
| 300 | |a76p.|bgraphique, tableaux |
| 490 | 1 |aSérie de document de travail|vN° 34 |
| 500 | |aLe nº de catalogue (C21-24/34-2001) et l'ISBN (0-662-65581-8) de l'édition imprimée bilingue ont été incorrectement copiés dans cette édition électronique. |
| 504 | |aBibliographie. |
| 590 | |a12-12-Supp|b2012-03-28 |
| 720 | 1 |aWigle, Randall |
| 775 | 08|tSectoral impacts of Kyoto compliance / |w(CaOODSP)9.570618 |
| 776 | 0#|tSectoral impacts of Kyoto compliance / |w(CaOODSP)9.534938 |
| 776 | 0#|tLes répercussions sectorielles de l'application du protocole du Kyoto / |w(CaOODSP)9.534939 |
| 830 | #0|aSérie de document de travail ;|vN° 34|w(CaOODSP)9.501123 |
| 856 | 40|ahttp://publications.gc.ca|qPDF|s249 Ko|uhttps://publications.gc.ca/collections/Collection/C21-24-34-2001F.pdf|yN° 34 |